000 00927nam a2200277 4500
001 177564
003 ES-MaACL
005 20230906220350.0
008 110401s2004 sp ac |||| |cspa d
017 _aM.17.249.2004
020 _a8484603636
080 _a929(4)"15/19":327.84
080 _a929(4)"15/19":82
100 1 _aMartínez Laínez, Fernando.
_978174
245 1 0 _aEscritores espías
_b: la insólita vida secreta de los grandes de la literatura /
_cFernando Martínez Laínez.
250 _a1ª ed.
260 _aMadrid :
_bTemas de Hoy,
_c2004.
300 _a335 p. :
_bil., retr. ;
_c24 cm.
504 _aBibliografía: p. 329-335.
650 7 _aEscritores-
_vBiografías.
_9136034
650 7 _aEspías-
_xBiografías.
_9145942
852 _aES-MaACL
_9R.145649
_jA-11091
_dOlim:N-4096
_cDEPO1
942 _2udc
_cMONOGRAFIA
999 _c177564
_d177564